Joueurs de Top 14 par images - Statistiques

Statistiques générales
  • Ce quiz a été pris 93 fois
  • Le résultat moyen est 38 sur 70
Statistiques - réponses
Par images Réponse % Correct
Damian Penaud
99%
Antoine Dupont
97%
Maxime Lucu
96%
Romain Ntamack
95%
Thomas Ramos
95%
Matthieu Jalibert
94%
Louis Bielle-Biarrey
91%
Charles Ollivon
90%
Baptiste Serin
87%
Peato Mauvaka
86%
Thibaud Flament
81%
Grégory Alldritt
78%
Jean-Baptiste Gros
78%
Uini Atonio
78%
Gabin Villière
77%
Camille Lopez
76%
Teddy Thomas
76%
Paolo Garbisi
72%
Paul Boudehent
72%
Théo Attissogbe
72%
Gaël Fickou
69%
Cameron Woki
68%
Maxime Lamothe
67%
Nolann Le Garrec
65%
Émilien Gailleton
63%
Paul Willemse
63%
Baptiste Couilloud
62%
Benjamin Urdapilleta
62%
Alivereti Raka
60%
Posolo Tuilagi
60%
Mickaël Guillard
58%
Sekou Macalou
58%
William Skelton
58%
Joris Segonds
56%
Owen Farrell
55%
Monty Ioane
54%
Baptiste Jauneau
53%
Tevita Tatafu
53%
Stuart Hogg
51%
Léo Berdeu
50%
Arthur Vincent
47%
Sireli Maqala
45%
Léo Barré
44%
Paul Gabrillagues
44%
Santiago Arata
42%
Tommaso Allan
41%
Davit Niniashvili
40%
Louis Carbonel
40%
Gaëtan Barlot
38%
Louis Le Brun
38%
Lenni Nouchi
37%
Aaron Grandidier Nkanang
36%
Thibault Daubagna
35%
Killian Tixeront
33%
Mako Vunipola
33%
Xan Mousques
33%
Madosh Tambwe
32%
Maxime Lafage
32%
Alex Newsome
29%
Jefferson-Lee Joseph
29%
Henry Arundell
28%
Michael Ruru
28%
Vilimoni Botitu
27%
Fabien Brau-Boirie
24%
Giorgi Beria
24%
Francis Saili
22%
Tavite Veredamu
19%
Francisco Gorrissen
17%
Adrea Cocagi
15%
Juan John ven der Mescht
15%
Aucun quiz correspondant
Distribution des résultats
% des personnes avec chaque résultat
Percentile par nombre de réponses
Votre historique - résultats
Vous n’avez pas pris ce quiz